000 00590nam a22001817a 4500
005 20251108172348.0
008 250721s1987 xx 000 0 ara d
082 1 4 _a301.35095666/محم
100 1 _aغنيم، محمد أحمد
245 1 0 _aالتحضر في المجتمع القطري :
_bدراسة أنثروبولوجية لمدينة الدوخة /
264 1 _aالقاهرة :
_bدار المعرفة الجامعية،
_c1987.
300 _a349ص
650 1 7 _aعلم الإجتماع
650 1 7 _aالريف
650 1 7 _aقطر
942 _2ddc
_cBK
999 _c77265
_d77265